000 00445nam a2200169Ia 4500
001 23105
003 IN-NITTTR
005 20251114233300.0
008 251113s9999||||xx |||||||||||||| ||eng||
040 _beng
040 _cIN-NITTTR
041 _aeng
082 _a670.285 T22S
100 _aTejinder Singh,
245 0 _aStudy of computer aided production management system in manufacturing industries. /
_cTejinder Singh
942 _2ddc
_cBK
999 _c25734
_d25734